• 首页
  • 本馆介绍
  • 公告通知
  • 最新文献
  • 馆藏检索
  • 电子资源
  • 读者导购
  • 参考咨询
  • 我的图书馆
  • 登录
  • 详细信息显示
  • 放入我的书架
  • 预约/预借图书
  • 作者相关作品
  • 分类相关作品
  • 丛书相关作品
  • 出版社相关作品

书目信息

  • 表格格式
  • 工作单格式
  • 卡片格式
题名:
组织和心理契约
    
 
作者: 马金 , Makin 著 ;王新超 译
分册:  
出版信息: 北京   北京大学出版社  2000
页数: 462页
开本: 20cm
丛书名: 心理学译丛
单 册:
中图分类: C93-05 , B849
科图分类:
主题词: 管理心理学 , 应用心理学
电子资源:
ISBN: 7-301-04123-3
000 01261nam2 2200349 450
001 1257202836
005 20150125154236.31
010    @a7-301-04123-3@dCNY26.00
100    @a20021005d2000 em y0chiy0110 ea
101 1  @achi@ceng
102    @aCN@b110000
105    @ay z 000yy
106    @ar
200 1  @a组织和心理契约@Azu zhi he xin li qi yue@e对工作人员的管理@f(英)波特·马金(Perter Makin)等著@g王新超译
210    @a北京@c北京大学出版社@d2000
215    @a462页@d20cm
225 2  @a心理学译丛@dPsychology translation series@v1@zeng
300    @a书名原文:Organizations and the psychological contract
300    @a本书全书中文版由英国心理学会授予北京大学出版社出版
314    @a波特·马金(Perter Makin),曼彻斯特大学管理学院(UMIST)科学与技术研究所任教,组织心理学硕士课程的教学主任
410  0 @12001 @a心理学译丛
510 1  @aOrganizations and the psychological contract@zeng
517 1  @a对工作人员的管理@Adui gong zuo ren yuan de guan li
606 0  @a管理心理学
606 0  @a应用心理学
690    @aC93-05@v4
690    @aB849@v4
701  1 @a马金@Ama jin@b波特@4著
701  1 @aMakin@bPerter@4著
702  0 @a王新超@Awang xin chao@4译
801  0 @aCN@bTSSF@c20150125
905    @aZUCC@dB849@eJY133
    
    组织和心理契约:对工作人员的管理/(英)波特·马金(Perter Makin)等著/王新超译 .-北京:北京大学出版社,2000
    462页;20cm .-(心理学译丛=Psychology translation series;1)
    书名原文:Organizations and the psychological contract.-本书全书中文版由英国心理学会授予北京大学出版社出版
    
    ISBN 7-301-04123-3:CNY26.00
    
●
相关链接 在E读中查询图书 在五车中查询图书 在当当中查询图书 在豆瓣中查询图书


正题名:组织和心理契约     索取号:B849/JY133         预约/预借

序号 登录号 条形码 馆藏地/架位号 状态 备注
1 7830399   278303998   学院路分馆/ [索取号:B849/JY133] 在馆    
2 7830400   278304005   学院路分馆/ [索取号:B849/JY133] 在馆    
3 7830401   278304014   学院路分馆/ [索取号:B849/JY133] 在馆    
4 7830402   278304023   学院路分馆/ [索取号:B849/JY133] 在馆    
5 7858568   278585684   学院路分馆/ [索取号:B849/JY133] 在馆    
唐山师范学院图书馆 欢迎您!
大连网信软件有限公司© 版权所有